Understanding physics / (Record no. 67617)
[ view plain ]
| 000 -LEADER | |
|---|---|
| fixed length control field | 00594nam a22001817a 4500 |
| 005 - DATE AND TIME OF LATEST TRANSACTION | |
| control field | 20120607111810.0 |
| 020 ## - INTERNATIONAL STANDARD BOOK NUMBER | |
| International Standard Book Number | 0333934326 |
| Terms of availability | Rs. 48.50 (pbk) |
| 035 ## - SYSTEM CONTROL NUMBER | |
| System control number | B-77668 |
| 037 ## - SOURCE OF ACQUISITION | |
| Stock number | DPL |
| Source of stock number/acquisition | ENG |
| 100 ## - MAIN ENTRY--PERSONAL NAME | |
| Personal name | Verghese, Gigie A. |
| 245 ## - TITLE STATEMENT | |
| Title | Understanding physics / |
| Statement of responsibility, etc | by Gigie A. Verghese and Bharathi Ramanan |
| 250 ## - EDITION STATEMENT | |
| Edition statement | rprn. |
| 260 ## - PUBLICATION, DISTRIBUTION, ETC. (IMPRINT) | |
| Place of publication, distribution, etc | Delhi |
| Name of publisher, distributor, etc | Macmillan India Ltd. |
| Date of publication, distribution, etc | 2002 |
| 300 ## - PHYSICAL DESCRIPTION | |
| Extent | 112p. |
| Dimensions | 22 cms. |
| 700 ## - ADDED ENTRY--PERSONAL NAME | |
| Personal name | Ramanan, Bharathi |
| 9 (RLIN) | 48590 |
| 942 ## - ADDED ENTRY ELEMENTS (KOHA) | |
| Source of classification or shelving scheme | Dewey Decimal Classification |
| Item type | English Books |
| Classification part | 530 |
| Call number suffix | VER |
| Withdrawn status | Lost status | Not for loan | Collection code | Home library | Current library | Date acquired | Cost, normal purchase price | Full call number | Barcode | Cost, replacement price | Koha item type |
|---|---|---|---|---|---|---|---|---|---|---|---|
| Non-fiction | Sarojini Nagar | Sarojini Nagar | 07/06/2012 | 48.50 | 530 VER | B-77668 | 48.50 | English Books |
